El ave rasga su memoria / (Registro nro. 14830)
[ vista simple ]
| 000 -LEADER | |
|---|---|
| fixed length control field | 00785nam a2200253 a 4500 |
| 001 - CONTROL NUMBER | |
| control field | 000044096 |
| 003 - CONTROL NUMBER IDENTIFIER | |
| control field | DO-SdBPM |
| 005 - DATE AND TIME OF LATEST TRANSACTION | |
| control field | 20241016125247.0 |
| 008 - FIXED-LENGTH DATA ELEMENTS--GENERAL INFORMATION | |
| fixed length control field | 140515s2014 dr r 000 p spa d |
| 020 ## - INTERNATIONAL STANDARD BOOK NUMBER | |
| International Standard Book Number | 9789945581201 |
| 040 ## - CATALOGING SOURCE | |
| Original cataloging agency | DO-SdBPM |
| Language of cataloging | spa |
| Transcribing agency | BPMSU |
| 082 #4 - DEWEY DECIMAL CLASSIFICATION NUMBER | |
| Classification number | RD861. 5 |
| Item number | A485a 2014 |
| Edition number | 22 |
| 100 1# - MAIN ENTRY--PERSONAL NAME | |
| Personal name | Amaro, Valentín |
| Dates associated with a name | 1969- |
| 245 13 - TITLE STATEMENT | |
| Title | El ave rasga su memoria / |
| Statement of responsibility, etc. | Valentín Amaro |
| 260 ## - PUBLICATION, DISTRIBUTION, ETC. (IMPRINT) | |
| Place of publication, distribution, etc. | San Juan, República Dominicana : |
| Name of publisher, distributor, etc. | Isla Negra, |
| Date of publication, distribution, etc. | 2014. |
| 300 ## - PHYSICAL DESCRIPTION | |
| Extent | 62 p. ; |
| Dimensions | 22 cm. |
| 490 0# - SERIES STATEMENT | |
| Series statement | Filo de juego |
| 500 ## - GENERAL NOTE | |
| General note | Incluye datos biográficos del autor en la solapa de la cubierta. |
| 590 ## - LOCAL NOTE (RLIN) | |
| Local note | Inventariado, 2024/VM |
| 650 #4 - SUBJECT ADDED ENTRY--TOPICAL TERM | |
| Topical term or geographic name as entry element | Poesía dominicana |
| 650 #4 - SUBJECT ADDED ENTRY--TOPICAL TERM | |
| Topical term or geographic name as entry element | Literatura dominicana. |
| 910 ## - USER-OPTION DATA (OCLC) | |
| User-option data | VMateo V. Control de calidad. BPMSU |
| 942 ## - ADDED ENTRY ELEMENTS (KOHA) | |
| Source of classification or shelving scheme | Dewey Decimal Classification |
| Koha item type | Libros |
| Withdrawn status | Lost status | Source of classification or shelving scheme | Damaged status | Not for loan | Collection code | Home library | Current library | Date acquired | Total Checkouts | Full call number | Barcode | Date last seen | Price effective from | Koha item type | Copy number |
|---|---|---|---|---|---|---|---|---|---|---|---|---|---|---|---|
| Dewey Decimal Classification | Colección Dominicana | Biblioteca Pública Metropolitana Salomé Ureña | Biblioteca Pública Metropolitana Salomé Ureña | 10/16/2024 | BPMSU CD RD861.5 A485a 2014 | BPMSU24100027 | 10/16/2024 | 10/16/2024 | Libros | ||||||
| Dewey Decimal Classification | Colección Dominicana | Biblioteca Pública Metropolitana Salomé Ureña | Biblioteca Pública Metropolitana Salomé Ureña | 10/16/2024 | BPMSU CD RD861.5 A485a 2014 | BPMSU25060114 | 06/25/2025 | 10/16/2024 | Libros | e.2 |